[Event "UKR-chT Clubs"]
[Site "Alushta"]
[Date "2011.05.16"]
[Round "4.4"]
[White "Plaksin, Valeriy"]
[Black "Subbotin, Alexander"]
[Result "1-0"]
[WhiteElo "2190"]
[BlackElo "1919"]
[PlyCount "75"]
[EventDate "2011.05.13"]
[EventType "team-tourn"]
[EventRounds "9"]
[EventCountry "UKR"]
[SourceTitle "CBM 142 Extra"]
[Source "ChessBase"]
[SourceDate "2011.06.27"]
[SourceVersion "1"]
[SourceVersionDate "2011.06.27"]
[SourceQuality "1"]
[WhiteTeam "Chernigov With no mercy"]
[BlackTeam "Crimea Stars"]
[WhiteTeamCountry "UKR"]
[BlackTeamCountry "UKR"]

1. d4 Nf6 2. c4 e6 3. Nc3 d5 4. Nf3 Be7 5. e3 0-0 6. Bd3 c6 7. 0-0 Nbd7 8. b3 Qa5 9. Bd2 Qc7 10. Rc1 Qb8 11. e4 dxe4 12. Nxe4 c5 13. Nxc5 Nxc5 14. dxc5 Bxc5 15. Bc3 Qf4 16. Qc2 Qh6 17. Rcd1 a5 18. Rfe1 b6 19. Bd2 Qh5 20. Re5 Bxf2+ 21. Kf1 Qxe5 22. Nxe5 Bc5 23. Bg5 h6 24. Bxf6 gxf6 25. Be4 Ra7 26. Nc6 Rc7 27. Nd4 f5 28. Bf3 Re7 29. Nc6 Rc7 30. Qc1 Kg7 31. Qf4 Rd7 32. Rxd7 Bxd7 33. Ne5 Bc8 34. Nd3 Be7 35. Qg3+ Kh7 36. Qc7 Bf6 37. Bh5 Kg7 38. Bxf7 1-0

[Event "UKR-ch sf"]
[Site "Alushta"]
[Date "2011.05.07"]
[Round "5"]
[White "Kasumov, Ramyl"]
[Black "Subbotin, Alexander"]
[Result "1-0"]
[WhiteElo "1894"]
[BlackElo "1919"]
[PlyCount "75"]
[EventDate "2011.05.03"]
[EventType "swiss"]
[EventRounds "9"]
[EventCountry "UKR"]
[SourceTitle "CBM 142 Extra"]
[Source "ChessBase"]
[SourceDate "2011.06.27"]
[SourceVersion "1"]
[SourceVersionDate "2011.06.27"]
[SourceQuality "1"]

1. e4 e5 2. Nf3 Nf6 3. Nxe5 d6 4. Nf3 Nxe4 5. Nc3 Nxc3 6. dxc3 Be7 7. Be3 Bf5 8. Qd2 0-0 9. Be2 Nd7 10. 0-0-0 Ne5 11. Nd4 Bd7 12. h3 c5 13. Nf3 Be6 14. Kb1 Qa5 15. b3 Nxf3 16. Bxf3 d5 17. Bxd5 Bf6 18. c4 Bc3 19. Qc1 Bf5 20. g4 Bg6 21. Bd2 Rfe8 22. Bxc3 Qxc3 23. Qd2 Qxd2 24. Rxd2 Be4 25. Rhd1 Bxd5 26. cxd5 Rad8 27. c4 Rd6 28. Kb2 Re4 29. Rc2 f5 30. gxf5 Kf7 31. Rg1 Rf4 32. Re1 Rxf5 33. Rce2 b6 34. Re7+ Kf6 35. Rxa7 Rxf2+ 36. Kb1 h5 37. Rc7 Kg6 38. Rg1+ 1-0

[Event "UKR-ch sf"]
[Site "Alushta"]
[Date "2011.05.05"]
[Round "3"]
[White "Tichonov, Jiri"]
[Black "Subbotin, Alexander"]
[Result "1-0"]
[WhiteElo "2128"]
[BlackElo "1919"]
[PlyCount "67"]
[EventDate "2011.05.03"]
[EventType "swiss"]
[EventRounds "9"]
[EventCountry "UKR"]
[SourceTitle "CBM 142 Extra"]
[Source "ChessBase"]
[SourceDate "2011.06.27"]
[SourceVersion "1"]
[SourceVersionDate "2011.06.27"]
[SourceQuality "1"]

1. e4 c5 2. Nf3 d6 3. d4 cxd4 4. Nxd4 Nf6 5. Nc3 e6 6. g4 Be7 7. g5 Nfd7 8. Rg1 Nc6 9. Be3 a6 10. f4 Nxd4 11. Qxd4 e5 12. Qd2 exf4 13. Bxf4 Ne5 14. Be2 Be6 15. 0-0-0 Qa5 16. Kb1 0-0 17. Nd5 Bd8 18. Ne7+ Kh8 19. Qxa5 Bxa5 20. Nf5 Bc7 21. Nxd6 Ng6 22. Bg3 b5 23. h4 f6 24. gxf6 gxf6 25. h5 Ne5 26. b3 h6 27. Bf4 Kh7 28. Bxe5 fxe5 29. Rg6 Bf7 30. Nxf7 Rxf7 31. Bg4 Rg8 32. Bf5 Rgg7 33. Rxa6+ Kh8 34. Ra8+ 1-0

[Event "UKR-ch sf"]
[Site "Alushta"]
[Date "2011.05.04"]
[Round "2"]
[White "Subbotin, Alexander"]
[Black "Klementev, Oleg"]
[Result "0-1"]
[WhiteElo "1919"]
[BlackElo "2111"]
[PlyCount "194"]
[EventDate "2011.05.03"]
[EventType "swiss"]
[EventRounds "9"]
[EventCountry "UKR"]
[SourceTitle "CBM 142 Extra"]
[Source "ChessBase"]
[SourceDate "2011.06.27"]
[SourceVersion "1"]
[SourceVersionDate "2011.06.27"]
[SourceQuality "1"]

1. d4 Nf6 2. c4 c5 3. d5 e5 4. Nc3 d6 5. e4 Be7 6. Bd3 Nbd7 7. Nge2 a6 8. 0-0 0-0 9. Ng3 Ne8 10. a4 g6 11. Bh6 Ng7 12. Qd2 Nf6 13. h3 Kh8 14. f4 Ng8 15. Bxg7+ Kxg7 16. fxe5 dxe5 17. Rf3 b6 18. Bc2 Ra7 19. Rd1 Bd6 20. Ra1 Bd7 21. Bd3 Rb7 22. Kh1 f6 23. b3 Bc8 24. Na2 a5 25. Nc3 Rbf7 26. Raf1 Kh8 27. Nb5 Ba6 28. Nxd6 Qxd6 29. h4 h5 30. Ne2 Kh7 31. Nc3 Nh6 32. Nb5 Qd7 33. Rg3 Bxb5 34. cxb5 Qd6 35. Kg1 Rd8 36. Qe2 Rdf8 37. Rgf3 Ng4 38. Qc2 Rc8 39. Rg3 Rd8 40. Be2 Nh6 41. Bd3 Qf8 42. Rgf3 Rd6 43. Qb1 Qc8 44. Rg3 Rf8 45. Qc2 Rd7 46. Rgf3 Qd8 47. Qc3 Rdf7 48. Bc4 Qd6 49. Bd3 Ng8 50. Qc2 Ne7 51. Qe2 Kg7 52. Rg3 Rh8 53. Qc2 Nc8 54. Be2 Rh6 55. Qd1 Kh7 56. Rf2 Qe7 57. Bd3 Nd6 58. Rgf3 Kg7 59. Qf1 Rh8 60. Qe2 Qd7 61. Rg3 Kh7 62. Rgf3 Rhf8 63. Qf1 Kg7 64. Rg3 Kh7 65. Rgf3 Qe7 66. g3 Kg7 67. Qh3 Qd7 68. Qxd7 Rxd7 69. Re3 Rc7 70. Rc2 Re7 71. Ree2 Kf7 72. Kg2 Ke8 73. Kh3 Rh7 74. Rh2 g5 75. g4 gxh4 76. gxh5 Rxh5 77. Kg4 Rg5+ 78. Kf3 Rh8 79. Rh3 Kf7 80. Re2 Rhg8 81. Reh2 Rg3+ 82. Ke2 Rxh3 83. Rxh3 Rg4 84. Ke3 Kg6 85. Bc2 Kg5 86. Kf3 f5 87. exf5 e4+ 88. Kf2 Nxf5 89. Bd1 Rg3 90. Rxg3+ hxg3+ 91. Kg1 Kf4 92. Bh5 Ke5 93. Bf7 Ne3 94. Bg8 Nxd5 95. Kg2 Nf6 96. Bc4 Kf4 97. Be2 Ng8 0-1

[Event "Dnipropetrovsk Region-ch"]
[Site "Dnipropetrovsk"]
[Date "2008.10.??"]
[Round "11"]
[White "Kovalenko, Igor"]
[Black "Subbotin, Alexander"]
[Result "1-0"]
[WhiteElo "2453"]
[BlackElo "1962"]
[PlyCount "133"]
[EventDate "2008.10.??"]
[EventType "tourn"]
[EventRounds "11"]
[EventCountry "UKR"]
[SourceTitle "EXT 2010"]
[Source "ChessBase"]
[SourceDate "2010.11.25"]
[SourceVersion "1"]
[SourceVersionDate "2010.11.25"]
[SourceQuality "1"]

1. d4 e6 2. e4 d5 3. Nc3 Nf6 4. e5 Nfd7 5. f4 c5 6. Nf3 Nc6 7. Be3 Be7 8. h4 cxd4 9. Bxd4 Nxd4 10. Qxd4 Qb6 11. Qxb6 Nxb6 12. Nb5 0-0 13. 0-0-0 a6 14. Nbd4 Bd7 15. Bd3 Rac8 16. f5 exf5 17. Bxf5 Bxf5 18. Nxf5 Rc7 19. h5 Rfc8 20. c3 Bf8 21. Rd3 g6 22. hxg6 hxg6 23. Ne3 Rd7 24. Ng4 Bg7 25. Ng5 Rc6 26. Rdh3 Nc4 27. Nf6+ Rxf6 28. exf6 Bxf6 29. Nf3 b5 30. Re1 Kf8 31. Kc2 Rc7 32. Nd2 d4 33. Nxc4 Rxc4 34. Re4 Rc6 35. Kb3 dxc3 36. bxc3 a5 37. a4 bxa4+ 38. Rxa4 Rc5 39. Rc4 Rb5+ 40. Ka4 Rb2 41. Rf3 Be7 42. g4 Ra2+ 43. Kb5 Bd8 44. Rcf4 Rb2+ 45. Kc6 f6 46. c4 Be7 47. c5 Rc2 48. Rxf6+ Ke8 49. Rd6 Bxd6 50. Kxd6 a4 51. c6 Rd2+ 52. Kc7 Rb2 53. Ra3 Rb4 54. g5 Ke7 55. Re3+ Kf7 56. Kd6 Rb3 57. Re7+ Kf8 58. Ra7 Rd3+ 59. Ke6 Re3+ 60. Kf6 Rf3+ 61. Kxg6 Rc3 62. c7 Ke8 63. Ra8+ Kd7 64. Rxa4 Rxc7 65. Re4 Rc6+ 66. Kf7 Rd6 67. g6 1-0

[Event "Dnipropetrovsk Region-ch"]
[Site "Dnipropetrovsk"]
[Date "2008.10.??"]
[Round "5"]
[White "Subbotin, Alexander"]
[Black "Maximov, Dmitry"]
[Result "0-1"]
[WhiteElo "1962"]
[BlackElo "2497"]
[PlyCount "104"]
[EventDate "2008.10.??"]
[EventType "tourn"]
[EventRounds "11"]
[EventCountry "UKR"]
[SourceTitle "EXT 2010"]
[Source "ChessBase"]
[SourceDate "2010.11.25"]
[SourceVersion "1"]
[SourceVersionDate "2010.11.25"]
[SourceQuality "1"]

1. c4 Nf6 2. Nc3 g6 3. Nf3 Bg7 4. e3 0-0 5. b3 c5 6. Bb2 Nc6 7. Be2 b6 8. 0-0 d5 9. Nxd5 Nxd5 10. Bxg7 Kxg7 11. cxd5 Qxd5 12. d4 cxd4 13. Nxd4 Nxd4 14. exd4 Bb7 15. Bf3 Qd7 16. Bxb7 Qxb7 17. d5 Rfd8 18. Qd4+ Kg8 19. Rad1 Rd6 20. Rd3 Rad8 21. Rfd1 e6 22. Qh4 Qc7 23. Rh3 h5 24. g4 Rxd5 25. Rxd5 Rxd5 26. Qf6 Qc1+ 27. Kg2 Qg5 28. Qxg5 Rxg5 29. Rc3 Rxg4+ 30. Kf3 Rb4 31. Rc7 a5 32. Rb7 Kg7 33. Kg3 g5 34. h3 Kg6 35. Kf3 h4 36. Kg2 f6 37. Kf3 Kf5 38. Rb8 e5 39. Rb7 a4 40. bxa4 Rxa4 41. Rxb6 Rxa2 42. Rb5 Ra3+ 43. Kg2 Kf4 44. Rb6 f5 45. Rb4+ e4 46. Rc4 g4 47. hxg4 Kxg4 48. Rc5 h3+ 49. Kh2 Ra2 50. Kg1 Ra1+ 51. Kh2 Rf1 52. Rc2 Kf3 0-1

[Event "Kharkov Caissa op"]
[Site "Kharkov"]
[Date "2002.01.28"]
[Round "7"]
[White "Maly, Alexey"]
[Black "Subbotin, Alexander"]
[Result "1-0"]
[WhiteElo "2373"]
[BlackElo "2063"]
[PlyCount "75"]
[EventDate "2002.01.22"]
[EventType "swiss"]
[EventRounds "9"]
[EventCountry "UKR"]
[SourceTitle "CBM 086 Extra"]
[Source "ChessBase"]
[SourceDate "2002.03.14"]
[SourceVersion "1"]
[SourceVersionDate "2002.03.14"]
[SourceQuality "1"]

1. d4 d6 2. c4 g6 3. e4 Bg7 4. Be2 Nc6 5. Be3 e5 6. d5 Nd4 7. Nf3 Nxf3+ 8. Bxf3 Ne7 9. Nc3 f5 10. exf5 Nxf5 11. Qd3 0-0 12. 0-0 Qe7 13. Be4 Bd7 14. b4 b6 15. a3 Nxe3 16. Qxe3 Bf6 17. Qd3 Rac8 18. a4 a5 19. bxa5 bxa5 20. Rfb1 Rb8 21. Nb5 Bf5 22. Na7 Qd7 23. Nc6 Ra8 24. Rb5 Bxe4 25. Qxe4 Bg5 26. Rxa5 Rae8 27. Rb5 Rf4 28. Qe2 e4 29. a5 e3 30. f3 Qg7 31. Rbb1 Qc3 32. Rc1 Qd2 33. Kf1 Bf6 34. Rab1 Bc3 35. Rc2 Qxe2+ 36. Kxe2 Bd2 37. a6 Ra8 38. a7 1-0